000 00472nam a2200169Ia 4500
008 210719s1971 xx 000 0 und d
041 _aeng
082 _a658 RICR
100 _aRICHARDS (Max D);NIELANDER (William A)
245 _aReadings in management Ed 3
250 _a3
260 _aBombay.
_bD B Taraporevala Sons & Co. Pvt Ltd.,
_c1971
300 _aix,972
_bHB
365 _b13
_cRs
650 _aManagement
906 _a3 ; Ed ; in ; management ; Readings
999 _c212941
_d212941